000 01105pab a2200193 454500
008 180718b2014 xxu||||| |||| 00| 0 eng d
100 _aBarrington, Anne
245 _aSetting out a vision for the civil service in Ireland
260 _c2014
300 _ap.65-92.
520 _aFor all the charges made against it, the civil service has worked with reasonable efficiency. It has served different Governments loyally and with regard to the national interest. In its long established traditions, it operates impartially. It has tried as best it could within the framework of its organisation and resources to promote the development of a nation; it has given its advice to Ministers fairly and honestly and, when given the final decisions of the Government, it has implemented them without reservation. The civil service has contributed much to what is progressive in our national life. - Reproduced.
650 _aCivil service - Ireland
650 _aCivil service
700 _aMacFeely, Steve
700 _aCarpenter, Breffini
773 _aAdministration
908 _aN
909 _a107008
999 _c107003
_d107003